Noticia histórica y arqueológica de la antigua ciudad de Emporion / (Record no. 152480)
[ view plain ]
| 000 -LEADER | |
|---|---|
| campo de control de longitud fija | 01127nam a2200241 i 4500 |
| 001 - NÚMERO DE CONTROL | |
| campo de control | 152480 |
| 003 - IDENTIFICADOR DE NÚMERO DE CONTROL | |
| campo de control | ES-MaACL |
| 005 - FECHA Y HORA DE LA ÚLTIMA TRANSACCIÓN | |
| campo de control | 20230906204750.0 |
| 008 - DATOS DE LONGITUD FIJA--INFORMACIÓN GENERAL | |
| campo de control de longitud fija | 931025s1879 sp |||| | spa d |
| 080 ## - NÚMERO DE LA CLASIFICACIÓN DECIMAL UNIVERSAL | |
| Número de la Clasificación Decimal Universal | 94(460.233) |
| 100 1# - ENTRADA PRINCIPAL--NOMBRE DE PERSONA | |
| Nombre de persona | Botet y Sisó, Joaquín. |
| 9 (RLIN) | 30770 |
| 245 10 - MENCIÓN DEL TÍTULO | |
| Título | Noticia histórica y arqueológica de la antigua ciudad de Emporion / |
| Mención de responsabilidad, etc. | por D. Joaquín Botet y Sisó. |
| 260 ## - PUBLICACIÓN, DISTRIBUCIÓN, ETC. | |
| Lugar de publicación, distribución, etc. | Madrid : |
| Nombre del editor, distribuidor, etc. | [s.n.], |
| Fecha de publicación, distribución, etc. | 1879 ( |
| Fabricante | Imp. de Alejandro Gómez Fuentenebro) |
| 300 ## - DESCRIPCIÓN FÍSICA | |
| Extensión | 145 p., [13] h. de lám. (algunas pleg.) : |
| Otras características físicas | il. ; |
| Dimensiones | 24 cm. |
| 530 ## - NOTA DISPONIBLE DE FORMULARIO FÍSICO ADICIONAL | |
| Nota de formato físico adicional disponible | Disponible en formato digital. |
| 586 ## - NOTA DE PREMIOS | |
| Nota de premios | Premiada por la Real Academia de la Historia en el concurso de 1875 |
| 599 ## - NOTA A LAS ILUSTRACIONES | |
| NOTA A LAS ILUSTRACIONES | Mapa de la región indigete. Plano de la situación y ruinas de Emporion. |
| 650 #4 - PUNTO DE ACCESO ADICIONAL DE MATERIA--TÉRMINO DE MATERIA | |
| Término de materia o nombre geográfico como elemento de entrada | Indigetes (Pueblo ibero) |
| 9 (RLIN) | 173238 |
| 651 #4 - PUNTO DE ACCESO ADICIONAL DE MATERIA--NOMBRE GEOGRÁFICO | |
| Nombre geográfico | Ampurias (Ciudad desaparecida) |
| 9 (RLIN) | 147968 |
| 852 ## - LOCALIZACIÓN | |
| Ubicación | ES-MaACL |
| Número de control de estantería | G-2992 |
| Nota libre | - Enc. hol. |
| 856 ## - LOCALIZACIÓN Y ACCESO ELECTRÓNICOS | |
| Identificador Uniforme de Recursos | <a href="http://bdh-rd.bne.es/viewer.vm?id=0000086939&page=1 ">http://bdh-rd.bne.es/viewer.vm?id=0000086939&page=1 </a> |
| Nota pública | Biblioteca Digital Hispánica |
| 856 ## - LOCALIZACIÓN Y ACCESO ELECTRÓNICOS | |
| Identificador Uniforme de Recursos | <a href="https://bvpb.mcu.es/es/consulta/registro.do?id=400117 ">https://bvpb.mcu.es/es/consulta/registro.do?id=400117 </a> |
| Nota pública | Biblioteca Virtual del Patrimonio Bibliográfico |
| Estatus retirado | Estado de pérdida | Estado de daño | No para préstamo | Colección | Biblioteca de origen | Biblioteca actual | Ubicación en estantería | Fecha de adquisición | Fuente de adquisición | Total de préstamos | Signatura topográfica completa | Código de barras | Visto por última vez | Precio de reemplazo | Tipo de ítem Koha |
|---|---|---|---|---|---|---|---|---|---|---|---|---|---|---|---|
| Colección digital | Biblioteca del Ateneo de Madrid | Biblioteca del Ateneo de Madrid | Depósito 2 | 17/01/2008 | G-2992 | 1159222 | 23/02/2023 | 23/02/2023 | Libro impreso antiguo |
